Honeymoon - Album (Lana Del Rey) - Statistics

General Stats
  • This quiz has been taken 69 times
  • The average score is 11 of 14
Answer Stats
# Title % Correct
1. Honeymoon
100%
13. Swan Song
93%
12. 24
87%
2. Music To Watch Boys To
87%
5. High By The Beach
83%
10. Salvatore
83%
7. Art Deco
77%
14. Don't Let Me Be Misunderstood
77%
6. Freak
77%
9. Religion
70%
3. Terrence Loves You
70%
11. The Blackest Day
67%
8. (Interlude) Burnt Norton
63%
4. God Knows I Tried
60%
No matching quizzes found
Score Distribution
Percent of People with Each Score
Percentile by Number Answered
Your Score History
You have not taken this quiz